000 00279nam a2200085Ia 4500
245 0 _aThe gods that failed : how the financial elite have gambled away our futures
100 _a ELLIOTT, Larry London, 2009
_984316
942 _cBK
008 210817s9999 xx 000 0 und d
999 _c308765
_d308764